| 000 | 00580nam a2200181 a 4500 | ||
|---|---|---|---|
| 001 | 3826 | ||
| 003 | CDMR | ||
| 005 | 20131018154214.0 | ||
| 008 | 130130s1968||||||||||||||||||||||||||||d | ||
| 040 |
_aCDMR _bcat _cCDMR |
||
| 245 | 1 | _a"Offset" vs. impresión topográfica | |
| 246 | _aOffset vs. Letterpress | ||
| 260 |
_aNew York _c1968 _bCentro Técnico de la SIP |
||
| 300 | _a95 p. | ||
| 500 | _aMemoria de la sesión de 18 de octubre de 1967 en la XXIII Asamblea de la Sociedad Interamericana de Prensa, celebrada en Puerto Rico | ||
| 650 | 0 | 4 |
_92796 _aImpremta |
| 942 |
_cMON _2udc |
||
| 999 |
_c3826 _d3826 |
||